|
|
|
|
| LEADER |
00000cam a2200000 a 4500 |
| 001 |
vtls001081355 |
| 003 |
SK-MaSNL |
| 005 |
20260301111153.0 |
| 008 |
231120s1988 xo al drp 00000 slo |
| 015 |
|
|
|a SNBA1989/06
|
| 020 |
|
|
|q (viazané)
|
| 035 |
|
|
|a SNK000024193
|
| 035 |
|
|
|a 1377EB50-7A4F-4CE1-8E68-09D4D9720B78
|
| 035 |
|
|
|a urn:nbn:sk:snk-am00ihj7
|
| 040 |
|
|
|a SNK
|b slo
|c SNK
|e AACR2
|
| 041 |
1 |
|
|a slo
|h cze
|
| 044 |
|
|
|a xo
|c SK
|
| 072 |
|
7 |
|a 53
|x Fyzika
|2 konspekt
|
| 080 |
|
|
|a 53
|2 2011
|
| 080 |
|
|
|a (075.3)
|2 2011
|
| 100 |
1 |
|
|a Řešátko, Miloš,
|d 1930-1987
|4 aut
|9 186725
|
| 245 |
1 |
0 |
|a Fyzika pre učebné odbory stredných odborných učilíšť
|n 1. časť
|c Miloš Řešátko, Jaroslav Pitner, Ivo Volf ; Zdena Horniačková
|
| 250 |
|
|
|a 3. vyd.
|
| 260 |
|
|
|a Bratislava
|b Slovenské pedagogické nakladateľstvo
|c 1988
|e Nitra
|f Nitrianske tlačiarne
|
| 300 |
|
|
|a 245 s.
|b schémy, tabuľky
|c 21 cm
|
| 366 |
|
|
|e 5000 výtl.
|
| 500 |
|
|
|a Schválilo MŠ SSR.
|
| 650 |
0 |
7 |
|a fyzika
|2 SNKPH
|9 816
|
| 650 |
0 |
7 |
|a Physics
|2 SNKPHeng
|9 266045
|
| 655 |
|
7 |
|a učebnice stredných škôl
|2 SNKPH
|9 69323
|
| 655 |
|
7 |
|a Textbooks (secondary)
|2 SNKPHeng
|9 276359
|
| 700 |
1 |
|
|a Pitner, Jaroslav
|4 aut
|9 42210
|
| 700 |
1 |
|
|a Volf, Ivo
|4 aut
|9 13220
|
| 700 |
1 |
|
|a Horniačková, Zdenka,
|d 1938-
|4 trl
|9 88383
|
| 852 |
|
|
|a Slovenská národná knižnica
|
| 954 |
|
|
|a odborná, vedecká literatúra cudzojazyčná (svetová)
|2 lita
|
| 958 |
|
|
|a OND
|
| 958 |
|
|
|a CZ
|
| 958 |
|
|
|a UC
|
| 958 |
|
|
|a TL
|
| 958 |
|
|
|a OP
|
| 958 |
|
|
|a EUIPO
|
| 968 |
|
|
|a SLO
|b ČES
|
| 999 |
|
|
|c 705877
|d 707807
|
| 952 |
|
|
|a SNK
|b SNK
|y VYP
|7 0
|p 17A0051615
|o snkSC 74469/1 D1
|0 0
|1 0
|4 0
|d 1997-02-28
|l 0
|r 2004-12-31 00:00:00
|w 2026-02-23
|
| 952 |
|
|
|a SNK
|b SNK
|y PREZ
|7 0
|p 17A0964875
|o snkSC 74469/1
|i snkKSP 4417/89
|0 0
|1 0
|4 0
|d 2012-09-26
|f 1
|l 0
|r 2025-07-31 00:00:00
|w 2026-02-23
|